| 000 | 00662nam a2200205 i 4500 | ||
|---|---|---|---|
| 001 | 37071 | ||
| 003 | ES-MaACL | ||
| 005 | 20230906155510.0 | ||
| 007 | t| | ||
| 008 | 030220s1961 sp ||||1| spa d | ||
| 100 | 1 |
_aBruinsma, A. H. _932117 |
|
| 245 | 1 | 0 |
_aRobots y radiotelecinesia / _cpor A.H. Bruinsma ; [traducido por Daniel Santano León]. |
| 260 |
_aMadrid : _bParaninfo, _c1961. |
||
| 300 |
_a311 p., 8 lám. : _b8 gráf. pleg., il. ; _c22 cm. |
||
| 490 | 1 | _aBiblioteca técnica Philips | |
| 700 | 1 |
_aSantano y León, Daniel. _9181683 |
|
| 830 | 0 |
_aBiblioteca técnica Philips _9181540 |
|
| 852 |
_aES-MaACL _jC-21298 _bR.49749 |
||
| 999 |
_c37071 _d37071 |
||